| 000 | 00724nam a2200205Ia 4500 | ||
|---|---|---|---|
| 003 | GCL | ||
| 008 | 140319s9999 xx 000 0 ara d | ||
| 020 | _a5654319953 | ||
| 040 |
_aGCL / _cGCL |
||
| 082 | 0 | 4 |
_a320.54 _bي ف |
| 100 | 1 | _aيوسف مكى | |
| 245 | 1 | 0 |
_aفى الوحدة والتداعى : _bدراسة فى اسباب تعثر مشاريع النهضة العربية / _cيوسف مكى |
| 250 | _aالاولى | ||
| 260 |
_aبيروت : _bمركز دراسات الوحدة العربية ، _c2003 |
||
| 300 |
_a261 ص ؛ _c24 سم |
||
| 650 | 0 | 4 | _aالوحدة العربية |
| 650 | 0 | 4 | _aالقومية العربية |
| 650 | 0 | 4 | _aالنهضة - البلدان العربية |
| 942 |
_2ddc _cBK |
||
| 999 |
_c58206 _d58206 |
||